LEADER 01193nam a2200265 i 4500 001 000000194593 003 CaOOAMICUS 005 20150224000000.0 008 150224s1938 it u000 u ita u 013 $a173252 040 $aSeMil$bita 100 1 $aBarili, Antonio,$c.$0(OLS)http://semarc/name/27924 245 10$aCastiglione Olona e Masolino da Panicale /$cAntonio Barili ; con prefazione di Paolo Arcari. 260 $aMilano :$bUnione Tipografica,$c1938. 300 $a96 p., [3] c. di tav. :$bill. ;$c23 cm. 500 $aFondo card. Giovanni Colombo. 650 4$aMasolino : da Panicale <1383-1440> - Affreschi - Castiglione Olona.$0(OLS)http://semarc/subject/2622 650 4$aCastiglione Olona - Arte.$0(OLS)http://semarc/subject/3733 700 1 $aArcari, Paolo <1879-1955>.$0(OLS)http://semarc/name/8622 850 $aSeMil 852 $aSeMil$W1$xVenegono$y1$m3GC VII 112$j145164$B145164$CSeMilBibl$Z2$F156682 $8B 941 1 $a3 961 $aLascito: Colombo Card. Giovanni 996 $6245$aCastiglione Olona e Masolino da Panicale$9(OLS)http://semarc/title/86168 996 $6260$aMilano :$bUnione Tipografica$9(OLS)http://semarc/publisher/34470 LEADER 01109nam a2200241 i 4500 001 000000207903 003 CaOOAMICUS 005 20111108000000.0 008 111108s2005 it u000 u ita u 013 $a186686 040 $aSeMil$bita 245 10$aP. Mariano Andrea Magrassi osb :$bla vita, scritti inediti, la morte, testimonianze, rassegna stampa, fioretti, bibliografia /$ca cura di Giuseppe Poggi. 260 $aNoci :$bLa Scala,$c2005. 300 $a246 p. :$bill. ;$c21 cm. 500 $aDono del card. Dioniggi Tettamanzi. 650 4$aMagrassi, Mariano .$0(OLS)http://semarc/subject/17523 700 1 $aPoggi, Giuseppe,$c.$0(OLS)http://semarc/name/74629 850 $aSeMil 852 $aSeMil$W1$xVenegono$y1$m3G III 311$j158361$B158361$CSeMilBibl$Z2$F171572 $81 941 1 $a5 961 $aOmaggio: Tettamanzi Card. Dionigi 996 $6245$aP. Mariano Andrea Magrassi osb :$bla vita, scritti inediti, la morte, testimonianze, rassegna stampa, fioretti, bibliografia$9(OLS)http://semarc/title/300659 996 $6260$aNoci :$bLa Scala$9(OLS)http://semarc/publisher/33374